000
002600000a22001210004500
041
0
_a
Español
082
0
4
_a
CD 079
110
1
_a
Universal
245
1
0
_a
Música para arrullar a niños y padres / Universal
505
0
0
_a
canciones
001
1189
942
_c
LGB
999
_c
48363
_d
48363